| Tag |
First Indicator |
Second Indicator |
Subfields |
| LEADER |
00000cam a2200000Ii 4500 |
| 001 |
in00003598821 |
| 005 |
20170928105117.0 |
| 008 |
151113s1841 fr g 000 0 fre d |
| 035 |
|
|
|a (OCoLC)ocn929031426
|
| 035 |
|
|
|a (OCoLC)929031426
|
| 040 |
|
|
|a TXA
|b eng
|e rda
|c TXA
|d UtOrBLW
|
| 049 |
|
|
|a TXAM
|
| 090 |
|
|
|a PQ1222
|b .D68 1842 no. 2
|
| 100 |
1 |
|
|a Scribe, Eugène,
|d 1791-1861.
|0 http://id.loc.gov/authorities/names/n79004209
|
| 245 |
1 |
4 |
|a Une Chaine :
|b comédie en cinq actes et en prose /
|c par M.E. Scribe, de l'Académie française.
|
| 246 |
1 |
|
|i Binder's title:
|a Répertoire dramatique.
|p Comédies.
|n [no. 2]
|
| 264 |
|
1 |
|a [Paris] :
|b [Barba] ;
|a [Delloye] ;
|a [Bezou],
|c [1841]
|
| 264 |
|
3 |
|a Paris :
|b Imprimerie de de Boulé et Comp., rue Coq Héron, N. 3
|
| 300 |
|
|
|a 45 pages ;
|c 26 cm.
|
| 336 |
|
|
|a text
|b txt
|2 rdacontent
|
| 337 |
|
|
|a unmediated
|b n
|2 rdamedia
|
| 338 |
|
|
|a volume
|b nc
|2 rdacarrier
|
| 500 |
|
|
|a This item is number 2 in a volume of 22 theatrical plays bound together with spine title: Répertoire dramatique. Comédies.
|
| 500 |
|
|
|a Ex libris: "Bibliotheque Camille Doucet"--cover, page [2].
|
| 500 |
|
|
|a "Représentée, pour la première fois, à Paris, sur le Théâtre-Français, le 29 novembre 1841."
|
| 700 |
1 |
|
|a Doucet, Camille,
|d 1812-1895.
|0 http://id.loc.gov/authorities/names/nr99034744
|
| 710 |
2 |
|
|a Comédie-Française.
|0 http://id.loc.gov/authorities/names/n50052276
|
| 994 |
|
|
|a C0
|b TXA
|
| 999 |
f |
f |
|s 5fe0d0e5-b3d7-39cf-aae9-892a5db70405
|i 988388e9-f377-3bec-9ce8-05840ff7a2d3
|t 0
|
| 952 |
f |
f |
|p noncirc
|a Texas A&M University
|b College Station
|c Cushing Memorial Library & Archives
|d Cushing: Dawson French (Does not check out)
|t 0
|e PQ1222 .D68 1842 no. 2
|h Library of Congress classification
|i unmediated -- volume
|
| 998 |
f |
f |
|a PQ1222 .D68 1842 no. 2
|t 0
|l Cushing: Dawson French (Does not check out)
|